[Event "CAN-ch U12"]
[Site "Windsor"]
[Date "2015.07.06"]
[Round "1.58"]
[White "Lassche, Adam"]
[Black "Huang, Qiuyu"]
[Result "0-1"]
[WhiteElo "1005"]
[BlackElo "1896"]
[PlyCount "54"]
[EventDate "2015.07.06"]
[EventType "swiss"]
[EventRounds "7"]
[EventCountry "CAN"]
[SourceTitle "EXT 2022"]
[Source "ChessBase"]
[SourceDate "2021.10.06"]
[SourceVersion "1"]
[SourceVersionDate "2021.10.06"]
[SourceQuality "1"]

1. e4 c5 2. Nc3 Nc6 3. g3 g6 4. Bg2 Bg7 5. Nge2 d6 6. 0-0 e5 7. Nd5 Nge7 8. Nec3 0-0 9. d3 Nxd5 10. Nxd5 Be6 11. Bd2 Bxd5 12. exd5 Ne7 13. Re1 Rb8 14. Be3 b5 15. b3 f5 16. Bg5 h6 17. Bxe7 Qxe7 18. f4 e4 19. Rc1 Bb2 20. Rb1 Bd4+ 21. Kf1 e3 22. Qe2 b4 23. g4 Qh4 24. Bf3 fxg4 25. Bxg4 Rxf4+ 26. Bf3 Qh3+ 27. Kg1 Rxf3 0-1